000 00629cam a22002293a 4500
001 21074
003 PGUSA
005 20140828083440.0
008 070414s2007||||xxu|||||s|||||000 1 eng d
040 _aPGUSA
_beng
042 _adc
050 4 _aPZ
100 1 _aLeslie, Lawrence J.
245 1 0 _aAfloat on the Flood
_h[electronic resource] /
_cLawrence J. Leslie
260 _bProject Gutenberg,
_c2007
506 _aPublic domain in the USA.
516 _aElectronic text
653 _aFloods -- Juvenile fiction
830 0 _aProject Gutenberg
_v21074
856 4 0 _uhttp://www.gutenberg.org/ebooks/21074
942 _cEB
999 _c250329
_d250329